000
00273nam a2200109 a 4500
001
000033983
005
20200930070657.0
008
110919s1924 000 spa d
245
0
_a
Boletín del postumismo.
260
_a
[República Dominicana],
_c
1924.
999
_c
33474
_d
33474
040
_a
DO-SdBNP